North America by first letter - Statistics

General Stats
  • This quiz has been taken 30 times
  • The average score is 21 of 23
Answers on the Map
Answers color-coded by a green-red scale on the quiz's map according to % correct below.
 
Answer Stats
Answer % Correct
Canada
100%
Costa Rica
100%
Cuba
100%
Mexico
100%
United States
100%
Bahamas
96%
Barbados
96%
Belize
96%
Grenada
96%
Guatemala
96%
Haiti
96%
Honduras
96%
Nicaragua
96%
Dominica
88%
Dominican Republic
88%
El Salvador
88%
Panama
88%
Jamaica
77%
Saint Kitts and Nevis
77%
Saint Lucia
77%
Saint Vincent and the Grenadines
77%
Antigua and Barbuda
73%
Trinidad and Tobago
65%
No matching quizzes found
Score Distribution
Percent of People with Each Score
Percentile by Number Answered
Your Score History
You have not taken this quiz